000 00625nam a2200229 a 4500
001 19633
003 CO-ViMGA
008 141112s2004 ck r 000 u spa d
020 _a9501517713
040 _aCO-ViMGA
_bspa
_cCO-ViMGA
082 0 4 _a747.3 B175d
100 1 _aBarnard, Nicholas
_928401
245 1 0 _aDecore su hogar
260 _aMadrid :
_bEd. Javier Vergara; 1999
300 _a72 p.
490 _a101 Consejos esenciales
590 _aForma de adquisición : Premio Mincultura
650 1 4 _aAZULEJOS
_928402
650 1 4 _aDECORACION DE INTERIORES
650 1 4 _aPINTURA DECORATIVA
_95153
942 _2ddc
_cBK
999 _c28770
_d28770